000 01047cam a2200265 4500
008 000000n2002 000 0 eng u
020 _a1860815685
035 _a(Sirsi) u119807
041 _aeng
050 _a333.72
100 _aAnderson, J.
110 _aBuilding Research Establishment
245 _aRefurbishment or redevelopment of office buildings? Sustainability comparisons. Part 1
260 _aLondon
_bCRC Ltd
_c2002
300 _a8p.
_bill.
_c30cm.
490 _aBRE Information Paper
_v9/02
520 _aPart 1 of 2. Part 1 summarises the findings of a recent DTI funded research project to investigate sustainability of refurbishment and redevelopment options. Part 2 contains case studies from the use of the online tool Office Scorer. For Part 2 see: 1860815693.
650 _aREDEVELOPMENT
650 _aBUILT ENVIRONMENT-BUILDING MAINTENANCE AND REFURBISHMENT
650 _aOFFICES
650 _aSustainability
_96271
690 _aBUILDING AND CONSTRUCTION-SUSTAINABLE
700 _aMills, K.
942 _n0
999 _c102407
_d102407